000 01218nam0a22002411i 4500
001 rc\3463594
005 20240726103931.0
035 _a(NLR Aleph) 007887638
090 _a7957742
_c7957742
100 _a20130115d1974 |||y0rusy50 ca
101 0 _arus
102 _aRU
105 _ay d |||||
200 1 _aИсследование некоторых вопросов проектирования структуры сопряжения вычислительных средств с каналами связи в системе автоматизации билетно-кассовых операций
_e(На примере системы для ж.-д. транспорта)
_eАвтореф. дис. на соиск. учен. степени канд. техн. наук
_fЕреван. науч.-исслед. ин-т мат. машин
210 _aЕреван
_d1974
215 _a23 с.
_d22
320 _aСписок работ авт.: с. 22-23
333 _aДля служебного пользования. Экз. № 55
700 1 _aОганян
_bР.В.
_gРудольф Вачеевич
801 0 _aRU
_bNLR
_gpsbo
801 1 _aRU
_bELAR
_2rusmarc
852 _aNLR
_j74-50К/2047
942 _cBOOK